आधुनिक वीण काम (Record no. 120253)

MARC details
000 -LEADER
fixed length control field 00489nam a2200181Ia 4500
008 - FIXED-LENGTH DATA ELEMENTS--GENERAL INFORMATION
fixed length control field 090124s9999 xx 000 0 und d
082 ## - DEWEY DECIMAL CLASSIFICATION NUMBER
Item number 6312
Classification number 104
100 ## - MAIN ENTRY--PERSONAL NAME
Personal name रतनबाई
245 ## - TITLE STATEMENT
Title आधुनिक वीण काम
250 ## - EDITION STATEMENT
Edition statement 1
260 ## - PUBLICATION, DISTRIBUTION, ETC. (IMPRINT)
Date of publication, distribution, etc 1942
300 ## - PHYSICAL DESCRIPTION
Extent 110
600 ## - SUBJECT ADDED ENTRY--PERSONAL NAME
Personal name रतनबाई
630 ## - SUBJECT ADDED ENTRY--UNIFORM TITLE
Uniform title आधुनिक वीण काम
700 ## - ADDED ENTRY--PERSONAL NAME
Personal name रतनबाई
730 ## - ADDED ENTRY--UNIFORM TITLE
Uniform title आधुनिक वीण काम
942 ## - ADDED ENTRY ELEMENTS (KOHA)
Koha item type Book
Holdings
Withdrawn status Lost status Damaged status Not for loan Home library Current library Date acquired Cost, normal purchase price Total Checkouts Full call number Barcode Date last seen Cost, replacement price Price effective from Koha item type
        Marathi Granth Sangrahalaya,Thane Marathi Granth Sangrahalaya,Thane   1.37   6312 THNMGS-6312 01/24/2009 1.37 01/24/2009 Book